Sports Quiz

Random Sports or Football Quiz
Score 0/55 Timer 07:00
0 Plays Today
Year Opposing Quarterback % Correct
2014Eli Manning
93.8%
2012Eli Manning
93.8%
2009Tony Romo
93.8%
2008Tony Romo
93.8%
2001Brad Johnson
86.6%
1975Randy Johnson
86.6%
1971Randy Johnson
86.6%
1964Charley Johnson
86.6%
1962Charley Johnson
86.6%
1999Kurt Warner
84.5%
1993Steve Young
82.5%
1987Jim Kelly
81.4%
2002Kerry Collins
79.4%
2006Michael Vick
77.3%
2004Jon Kitna
76.3%
1991Mark Rypien
76.3%
1983Neil Lomax
75.3%
1980Danny White
75.3%
1981Neil Lomax
75.3%
1966Sonny Jurgensen
71.1%
1997Jeff Hostetler
70.1%
1992Jeff Hostetler
70.1%
1995Erik Kramer
62.9%
1985Tommy Kramer
62.9%
1976Jim Zorn
59.8%
1972Jim Hart
57.7%
1994Jeff Blake
56.7%
1973Billy Kilmer
56.7%
Year Opposing Quarterback % Correct
1965Milt Plum
55.7%
2007Trent Edwards
54.6%
1986Jay Schroeder
53.6%
2011Rex Grossman
52.6%
1968Joe Kapp
52.6%
2005Mark Brunell
51.5%
1998Kent Graham
51.5%
1996Kent Graham
51.5%
1979Dan Pastorini
51.5%
1977Richard Todd
51.5%
2013Kyle Orton
47.4%
1974Greg Landry
41.2%
2010Stephen McGee
34%
1982Scott Brunner
33%
1990Timm Rosenbach
29.9%
1988Steve Pelluer
27.8%
1969Steve Spurrier
26.8%
1970Terry Hanratty
24.7%
1989Gary Hogeboom
21.6%
2000Scott Mitchell
20.6%
2003Tim Hasselbeck
14.4%
1967Gary Lane
8.2%
1961Jim Ninowski
8.2%
1984Mike Moroski
4.1%
1978Randy Dean
4.1%
1963Ron Vander Kelen
4.1%
1960Ralph Guglielmi
2.1%
Remove Ads.
Support Sporcle.
Get the best of Sporcle when you Go Orange. This ad-free experience offers more features, more stats, and more fun while also helping to support Sporcle. Thank you for becoming a member.

You're not logged in!

Compare scores with friends on all Sporcle quizzes.
OR
Log In

Show Comments

Extras

Top Quizzes Today


Score Distribution

Your Account Isn't Verified!

In order to create a playlist on Sporcle, you need to verify the email address you used during registration. Go to your Sporcle Settings to finish the process.

Report this User

Report this user for behavior that violates our Community Guidelines.

Details: